| 000 | 00420cam a2200169ua 4500 | ||
|---|---|---|---|
| 020 | _c90.00 | ||
| 041 |
_aeng _h |
||
| 082 |
_a500.8 _bMEN/HI |
||
| 100 | _aMenon, R V G . | ||
| 245 |
_aHistory of science and technology / _cR.V G Menon. _hTextual Documents |
||
| 260 |
_aCalicut : _bCalicut University , _c2002. |
||
| 300 | _a259 ; . | ||
| 365 | _a90.00 | ||
| 504 | _a | ||
| 942 | _cBK | ||
| 999 |
_c13319 _d13319 |
||